000
00289nam a2200109Ia 4500
005
20251222152615.0
008
251222s9999||||xx |||||||||||||| ||spa||
082
_a
REF.498.542.02/M61
245
0
_a
Diccionario Escolar Ashaninka/Asheninka
264
_b
Ministerio de Educación
942
_c
LIB
999
_c
27145
_d
27145